Statistics for Top 5 NBA MVP Candidates in Voting Since 2000

Click here to take the quiz!

General Stats

  • This quiz has been taken 170 times
  • The average score is 86 of 100

Answer Stats

YearPlayer% Correct
2014 | 2015 | 2017 | +2 othersJames Harden
99%
2006 | 2007 | 2008 | +9 othersLeBron James
99%
2012Lebron James
99%
2015 | 2016 | 2019Stephen Curry
99%
2019Giannis Antetokounmpo
98%
2010 | 2011 | 2012 | +3 othersKevin Durant
97%
2002 | 2003 | 2004 | +8 othersKobe Bryant
96%
2015 | 2016 | 2017 | 2018Russell Westbrook
96%
2000 | 2001 | 2002 | +2 othersShaquille O'Neal
96%
2000 | 2001 | 2002 | +4 othersTim Duncan
93%
2011Derrick Rose
89%
2005 | 2006 | 2007Steve Nash
89%
2005 | 2006 | 2007Dirk Nowitzki
88%
2001 | 2005Allen Iverson
87%
2016 | 2017Kawhi Leonard
87%
2008 | 2009 | 2012 | 2013Chris Paul
84%
2000 | 2001 | 2003 | +2 othersKevin Garnett
83%
2009 | 2010Dwyane Wade
81%
2008 | 2009 | 2010 | 2011Dwight Howard
79%
2019Paul George
79%
2004Jermaine O'Neal
75%
2019Nikola Jokic
75%
2013Carmelo Anthony
72%
2012Tony Parker
71%
2015 | 2018Anthony Davis
66%
2018Damian Lillard
65%
2002Jason Kidd
65%
2002 | 2003Tracy McGrady
65%
2014Blake Griffin
57%
2014Joakim Noah
51%
2000Karl Malone
49%
2006Chauncey Billups
47%
2017Isaiah Thomas
40%
2001Chris Webber
39%
2000Alonzo Mourning
33%
2004Peja Stojakovic
20%

Score Distribution

Percentile by Number Answered

Percent of People with Each Score

Your Score History

You have not taken this quiz